000 00489nam a2200181 i 4500
001 35032
003 ES-MaACL
005 20250612063105.0
007 t|
008 030211s1911 sp ||||1| spa d
100 1 _aBorrás, Tomás,
_d1891-1976
_930556
245 1 4 _aLas rosas de la fontana /
_cTomás Borrás.
260 _aBilbao :
_b[s.n.,
_c1911] (
_fImp. Joaquín Amilibia)
300 _a1 v.
852 _aES-MaACL
_jT-1251-F-1
942 _2udc
999 _c35032
_d35032